Rozcvičovanie v krasokorčuľovaní

Bibliographic Details
Main Author: Žídek, Jozef (Author)
Format: Article
Language:Slovak
Subjects:

MARC

LEADER 00000nab a2200000 a 4500
001 vtls009005296
003 SK-MaSNL
005 20260305035326.0
008 051219 1976 xo d | 000 0 slo
015 |a SNBRB2007/07 
040 |a SNKBUCL  |b slo  |c SNKBUCL  |e AACR2 
041 0 |a slo 
044 |a xo  |c SK 
080 |a 796.912.015  |2 2001 
100 1 |a Žídek, Jozef  |4 aut  |9 778185 
245 1 0 |a Rozcvičovanie v krasokorčuľovaní  |c Jozef Žídek 
300 |b Obr. 
650 0 7 |a krasokorčuľovanie  |2 snkbucl  |9 3255 
650 0 7 |a športový tréning  |2 snkbucl  |9 163263 
773 0 |t Tréner  |g Roč. 20, č. 3 (1976), s. 113-114 
999 |c 3333331  |d 3335261